| 000 | 01723nam0a2200325 4500 | ||
|---|---|---|---|
| 001 | RU\NLR\bibl\1121299 | ||
| 005 | 20260408080656.0 | ||
| 010 |
_a978-5-699-19972-3 _915000 |
||
| 021 |
_aRU _b2007-48014 _92551 |
||
| 035 | _a(NLR Aleph) 001108270 | ||
| 090 |
_a1221724 _c1221724 |
||
| 100 | _a20070829d2007 |||y0rusy50 ca | ||
| 101 | 0 | _arus | |
| 102 | _aRU | ||
| 105 | _aa ||||||||| | ||
| 200 | 1 |
_aСкамейка _eдля милого дружка и скамейки не жалко _eдля чтения родителями детям _eподелка + словарик _e[по сценарию А. Лебедева "Скамейка"] _f[текст: Н. Голь, М. Корнилова, А. Прохоров _gСмешарики] |
|
| 210 |
_aМосква _cЭксмо _d2007 |
||
| 215 |
_a16, [1] с. _cцв. ил. _d26 |
||
| 225 | 1 | _aМультколлекция | |
| 300 | _aАвт. указаны в вып. дан. | ||
| 517 | 0 | _aДля милого дружка и скамейки не жалко | |
| 700 | 1 |
_4070 _7ca _8rus _aГоль _bН. М. _f1952 - _gНиколай Михайлович _96952 _3RU\NLR\auth\7723899 |
|
| 701 | 1 |
_4070 _7ca _8rus _aКорнилова _bМ. _cдет. писатель _gМария _924555 _3RU\NLR\auth\7741607 |
|
| 701 | 1 |
_4070 _7ca _8rus _aПрохоров _bА. В. _cдеятель культуры _f1948- _gАнатолий Валентинович _924552 _3RU\NLR\auth\7741604 |
|
| 712 | 0 | 2 |
_4570 _a"Смешарики", общество с ограниченной ответственностью _cСанкт-Петербург _9699963 _3RU\NLR\AUTH\8810099478 |
| 801 | 0 |
_aRU _bNLR _c20070829 _gRCR |
|
| 801 | 1 |
_aRU _bNLR _c20070829 |
|
| 942 | _cBOOK | ||
| 980 | _aNB | ||